Trouw tot den dood. (Record no. 4057)

MARC details
000 -LEADER
fixed length control field 00600cam a22002171 4500
001 - CONTROL NUMBER
control field af 48000419
003 - CONTROL NUMBER IDENTIFIER
control field DLC
005 - DATE AND TIME OF LATEST TRANSACTION
control field 20260227110843.0
008 - FIXED-LENGTH DATA ELEMENTS--GENERAL INFORMATION
fixed length control field 861120s1945 ne 000 1 dut c
010 ## - LIBRARY OF CONGRESS CONTROL NUMBER
LC control number af 48000419
035 ## - SYSTEM CONTROL NUMBER
System control number (OCoLC)14773087
040 ## - CATALOGING SOURCE
Original cataloging agency California. Univ. Libr.
Transcribing agency CLU
Modifying agency DLC
042 ## - AUTHENTICATION CODE
Authentication code premarc
050 00 - LIBRARY OF CONGRESS CALL NUMBER
Classification number PT5860.M57
Item number T7
100 1# - MAIN ENTRY--PERSONAL NAME
Personal name Michels, Jan.
245 10 - TITLE STATEMENT
Title Trouw tot den dood.
260 ## - PUBLICATION, DISTRIBUTION, ETC.
Place of publication, distribution, etc. Amsterdam,
Name of publisher, distributor, etc. H.A. van Bottenburg
Date of publication, distribution, etc. [1945]
300 ## - PHYSICAL DESCRIPTION
Extent 352 p.
Dimensions 20 cm.
440 #0 - SERIES STATEMENT/ADDED ENTRY--TITLE
Title Victorie-reeks.
Number of part/section of a work [jaarg. 1945/46,
Volume/sequential designation no. 1]
650 #0 - SUBJECT ADDED ENTRY--TOPICAL TERM
Topical term or geographic name entry element World War, 1939-1945
Form subdivision Fiction.

No items available.

Powered by Koha